Influence of source of phosphatic fertilizers and cover crops on the management of phosphate nutrition in soils of rubber plantations (Record no. 74569)

MARC details
000 -LEADER
fixed length control field 00462nam a2200133Ia 4500
100 ## - MAIN ENTRY--AUTHOR NAME
Personal name Suresh, P.R.
245 #0 - TITLE STATEMENT
Title Influence of source of phosphatic fertilizers and cover crops on the management of phosphate nutrition in soils of rubber plantations
260 ## - PUBLICATION, DISTRIBUTION, ETC. (IMPRINT)
Name of publisher Indian Agricultural Research Institute
Place of publication New delhi
Year of publication 1992
300 ## - PHYSICAL DESCRIPTION
Number of Pages 77
500 ## - GENERAL NOTE
General note Course: Ph.D
700 ## - ADDED ENTRY--PERSONAL NAME
Personal name Dr C Narayana Samy
942 ## - ADDED ENTRY ELEMENTS (KOHA)
Koha item type Theses
Holdings
Withdrawn status Lost status Damaged status Not for loan Collection code Home library Current library Shelving location Date acquired Koha item type
      Theses Thesis RRII Library RRII Library Crop management 31/12/2021 Theses